| Tag |
First Indicator |
Second Indicator |
Subfields |
| LEADER |
00000cam a2200000 a 4500 |
| 001 |
in00000936739 |
| 005 |
20150925123432.0 |
| 007 |
he am||||b||| |
| 008 |
830622r19761961miuab bb 00000 eng d |
| 035 |
|
|
|a (OCoLC)09633512
|
| 035 |
|
|
|9 AES1251AM
|
| 040 |
|
|
|a HUH
|c HUH
|d m/c
|d TXA
|d UtOrBLW
|
| 049 |
|
|
|a TXAI
|
| 099 |
|
|
|a fiche
|a HRAF
|a NQ13
|
| 245 |
0 |
0 |
|a Gros Ventre /
|c HRAF.
|
| 264 |
|
1 |
|a New Haven, Conn. :
|b Human Relations Area Files,
|c [1961?]
|
| 300 |
|
|
|a 3,996 pages :
|b illustrations, maps.
|
| 336 |
|
|
|a text
|b txt
|2 rdacontent
|
| 337 |
|
|
|a microform
|b h
|2 rdamedia
|
| 338 |
|
|
|a microfiche
|b he
|2 rdacarrier
|
| 490 |
1 |
|
|a HRAF microfiles ;
|v series 7, NQ13
|
| 504 |
|
|
|a Includes bibliographical references.
|
| 533 |
|
|
|a Microfiche.
|b Ann Arbor, Mich. :
|c University Microfilms International,
|d [1976?]
|e 26 microfiches ; 11 x 15 cm.
|
| 500 |
|
|
|a Microform.
|
| 650 |
|
0 |
|a Gros Ventre Indians (Montana)
|
| 710 |
2 |
|
|a Human Relations Area Files, inc.
|
| 830 |
|
0 |
|a HRAF microfiles ;
|v series 7, NQ13.
|
| 999 |
|
|
|a MARS
|
| 999 |
f |
f |
|s 9199999b-3012-3cd1-81aa-cef5bb419b85
|i 606c57ef-86ba-3692-aa76-20ccf921ed64
|t 0
|
| 952 |
f |
f |
|p default
|a Texas A&M University
|b College Station
|c Sterling C. Evans Library
|d Evans: Microforms Fiche (3rd floor)
|t 0
|e fiche HRAF NQ13
|h Other scheme
|i microform -- microfiche
|
| 998 |
f |
f |
|a fiche HRAF NQ13
|t 0
|l Evans: Microforms Fiche (3rd floor)
|